| 000 | 00631 a2200205 4500 | ||
|---|---|---|---|
| 003 | OSt | ||
| 005 | 20180116192341.0 | ||
| 008 | 151105t xxu||||| |||| 00| 0 eng d | ||
| 010 | _a 2010342427 | ||
| 020 | _a9789699512001 | ||
| 040 | _csada | ||
| 082 | _a297.403 | ||
| 100 | 1 |
_aZauqi Shah,Syed Muhammad _98215 |
|
| 245 | 1 | 4 |
_aThe encyclopedia of Sufism / _cby Syed Muhammad Zauqi Shah ; translated by Wahid Buksh Sial Rabbani, Qazi Muhammad Saeed. |
| 250 | _a1st ed. | ||
| 260 |
_aLahore : _bTalifat-e-Shaheedi, _c2010. |
||
| 300 |
_ax, 196 p. : _c22 cm. |
||
| 650 | 0 |
_aSufism _98216 |
|
| 942 |
_aSADA _cBK _k297.403 ZAU 2010 _2ddc |
||
| 999 |
_c352676 _d352676 |
||